Pays sans les lettres de "PHILIPPINES" - Statistiques

Statistiques générales
  • Ce quiz a été pris 18 fois
    3 depuis la dernière actualisation
  • Le résultat moyen est 3 sur 5
Statistiques - réponses
Continents Pays % Correct
Afrique Togo
100%
Amérique du Sud Uruguay
67%
Amérique du Nord Cuba
33%
Afrique Maroc
33%
Asie Qatar
33%
Aucun quiz correspondant
Distribution des résultats
% des personnes avec chaque résultat
Percentile par nombre de réponses
Votre historique - résultats
Vous n’avez pas pris ce quiz depuis la dernière actualisation